65 rokov umeleckého školstva v Rimavskej Sobote

História umeleckého školstva v Rimavskej Sobote.

Bibliographic Details
Main Author: Pavlenková, Beata (Author)
Format: Article
Language:Slovak
Subjects:

MARC

LEADER 00000nab a2200000 a 4500
001 vtls001498867
003 SK-MaSNL
005 20260303094713.0
008 140302s1996 xo 000 0 slo
035 |a SPKCL1664 
040 |a SPKCL  |b slo  |c SNKBUCL  |d ÚIP-SPK(JD)  |d SNK  |e AACR2 
041 |a slo 
044 |a xo  |c SK 
080 |a 37.018.5:7(437.655)"451.65"  |2 1981 
080 |a 37  |2 1981 
100 1 |a Pavlenková, Beata  |4 aut  |9 990435 
245 1 0 |a 65 rokov umeleckého školstva v Rimavskej Sobote  |c Beata Pavlenková 
520 |a História umeleckého školstva v Rimavskej Sobote. 
650 0 7 |a umelecké školstvo  |2 SNKPH  |9 1055978 
650 0 7 |a dejiny  |2 SNKPH  |9 3825 
651 7 |a Rimavská Sobota (Slovensko)  |2 SNKPH  |9 28655 
773 1 |t Učiteľské noviny  |g Roč. 46, č. 20 (1996) s. 12 
850 |a Slovenská pedagogická knižnica Bratislava 
852 |a SPKCL  |b KIS3GCP  |b 000710000  |n SK 
999 |c 1822113  |d 1824043